00391nam a2200133Ia 4500008004100000020002200041100002000063245007200083250001300155260003000168300003100198650001600229650001200245201002s9999 xx 000 0 und d a978-981-483-904-4 aSerway, Raymond cRaymond Serway, John JewettaPhysics:bfor scientist and engineers/ a10th ed. aSingapore:bCENGAGEc2018 axxviii, 1047 pagesc25 cm. aEngineering aPhysics